<?xml version="1.0" encoding="UTF-8"?>
<record
    xmlns:xsi="http://www.w3.org/2001/XMLSchema-instance"
    xsi:schemaLocation="http://www.loc.gov/MARC21/slim http://www.loc.gov/standards/marcxml/schema/MARC21slim.xsd"
    xmlns="http://www.loc.gov/MARC21/slim">

  <leader>01156nam a2200265Ia 4500</leader>
  <controlfield tag="005">20220317001406.0</controlfield>
  <controlfield tag="008">161108s2002    sp     g      000 0 spa  </controlfield>
  <datafield tag="082" ind1="0" ind2="4">
    <subfield code="a">709.1</subfield>
    <subfield code="b">G61</subfield>
  </datafield>
  <datafield tag="245" ind1="1" ind2="0">
    <subfield code="a">Grandes &#xE9;pocas del arte</subfield>
    <subfield code="b">desde el arte griego hasta el arte del siglo XX</subfield>
    <subfield code="h">videodisco digital</subfield>
  </datafield>
  <datafield tag="250" ind1=" " ind2=" ">
    <subfield code="a">1a. edici&#xF3;n </subfield>
  </datafield>
  <datafield tag="300" ind1=" " ind2=" ">
    <subfield code="a">10 v.</subfield>
  </datafield>
  <datafield tag="505" ind1=" " ind2=" ">
    <subfield code="a">1. La Grecia cl&#xE1;sica -- 2. El arte de Roma -- 3. Arte bizantino y cristiano -- 4. El rom&#xE1;nico -- 5. El g&#xF3;tico -- 6. El renacimiento -- 7. Era barroca -- 8. El rococ&#xF3;.-- 9. Arte del siglo XIX.-- 10. Arte del siglo XX</subfield>
  </datafield>
  <datafield tag="650" ind1="1" ind2="4">
    <subfield code="2">LEMB</subfield>
    <subfield code="a">Arte europeo </subfield>
    <subfield code="v">Videodiscos</subfield>
  </datafield>
  <datafield tag="650" ind1="1" ind2="4">
    <subfield code="2">LEMB</subfield>
    <subfield code="a">Arte </subfield>
    <subfield code="v">Videodiscos </subfield>
    <subfield code="x">Historia </subfield>
    <subfield code="x">Europa</subfield>
  </datafield>
  <datafield tag="650" ind1="1" ind2="4">
    <subfield code="2">LEMB</subfield>
    <subfield code="a">Arte barroco </subfield>
    <subfield code="v">Videodiscos </subfield>
    <subfield code="x">Historia </subfield>
  </datafield>
  <datafield tag="650" ind1="1" ind2="4">
    <subfield code="2">LEMB</subfield>
    <subfield code="a">Arte renacentista</subfield>
    <subfield code="v">Videodiscos </subfield>
    <subfield code="x">Historia </subfield>
  </datafield>
  <datafield tag="650" ind1="1" ind2="4">
    <subfield code="2">LEMB</subfield>
    <subfield code="a">Arte rom&#xE1;ntico </subfield>
    <subfield code="v">Videodiscos </subfield>
    <subfield code="x">Historia </subfield>
  </datafield>
  <datafield tag="650" ind1="1" ind2="4">
    <subfield code="2">LEMB</subfield>
    <subfield code="a">Arte g&#xF3;tico</subfield>
    <subfield code="v">Videodiscos </subfield>
    <subfield code="x">Historia </subfield>
  </datafield>
  <datafield tag="942" ind1=" " ind2=" ">
    <subfield code="2">ddc</subfield>
    <subfield code="c">BK</subfield>
  </datafield>
  <datafield tag="264" ind1=" " ind2=" ">
    <subfield code="a">Madrid</subfield>
    <subfield code="b">Crest Films</subfield>
    <subfield code="c">2002</subfield>
  </datafield>
  <datafield tag="336" ind1=" " ind2=" ">
    <subfield code="a">texto</subfield>
    <subfield code="b">txt</subfield>
    <subfield code="2">rdacontent</subfield>
  </datafield>
  <datafield tag="337" ind1=" " ind2=" ">
    <subfield code="a">sin mediaci&#xF3;n</subfield>
    <subfield code="b">n</subfield>
    <subfield code="2">rdamedia</subfield>
  </datafield>
  <datafield tag="338" ind1=" " ind2=" ">
    <subfield code="a">volumen</subfield>
    <subfield code="b">nc</subfield>
    <subfield code="2">rdacarrier</subfield>
  </datafield>
  <datafield tag="040" ind1=" " ind2=" ">
    <subfield code="a">CO-BoRNBP</subfield>
    <subfield code="b">spa</subfield>
    <subfield code="e">rda</subfield>
    <subfield code="c">CO-BoRNBP</subfield>
  </datafield>
  <datafield tag="999" ind1=" " ind2=" ">
    <subfield code="c">6829</subfield>
    <subfield code="d">6829</subfield>
  </datafield>
</record>
